| 000 | 00686cam a22002291a 4500 | ||
|---|---|---|---|
| 001 | 3419 | ||
| 003 | BD-RjUL | ||
| 005 | 20211208233728.0 | ||
| 008 | 131219s1960 enk 0 eng d | ||
| 035 | _a(BD-RjUL)3453 | ||
| 040 |
_aNUN _beng _cNUN _dXNTU _dBD-RjUL |
||
| 041 | _aeng | ||
| 082 | 0 | 4 |
_a320.942 _bTHO 1960 |
| 100 | 1 |
_aThompson, E. P. _q(Edward Palmer), _d1924-1993. _910739 |
|
| 245 | 1 | 0 |
_aOut of apathy / _cby E.P.Thompson and others. Intro. by E.P.Thompson. |
| 260 |
_aLondon : _bStevens, _cc1960. |
||
| 300 |
_axii, 308p. ; _c22 cm. |
||
| 650 | 0 |
_aCapitalism. _910741 |
|
| 650 | 0 |
_aSocialism _zGreat Britain. _910731 |
|
| 942 |
_2ddc _cBK |
||
| 999 |
_c3419 _d3419 |
||